Pays d'Europe - Mots croisés #1 - Statistiques

Statistiques générales
  • Ce quiz a été pris 3 318 fois
  • Le résultat moyen est 12 sur 15
Réponses sur la Carte
Les réponses sont colorées sur une échelle allant du rouge au vert en fonction du pourcentage des utilisateurs qui les ont devinées à leur premier essai. Vous pouvez retrouver ces pourcentages ci-dessous.
 
Statistiques - réponses
Direction # Indice Réponse % Correct
Vertical 5 On y retrouve la Sagrada Familia ainsi que leSantiago-Bernabéu ESPAGNE
97%
Horizontal 11 Le pain, le fromage, le vin et Zinédine Zidane FRANCE
96%
Vertical 13 Sparte, Troie, L'Iliade et l'Odyssée, etc... GRECE
92%
Horizontal 15 Fratelli d'______, l'______ se vesta... ITALIE
91%
Vertical 1 Petit pays au nom difficilement prononçable LIECHTENSTEIN
85%
Vertical 2 Île et paradis fiscal MALTE
83%
Vertical 9 Ce n'est PAS le même drapeau que Monaco ou l'Indonésie POLOGNE
83%
Vertical 8 Berceau du biathlon, le seul pays commençant par la 14ème lettre de l'alphabet(en Europe) NORVEGE
82%
Horizontal 14 Sa capitale est souvent confondue avec celle de la Roumanie HONGRIE
79%
Horizontal 12 Son drapeau arbore un oiseau sur fond rouge foncé MONTENEGRO
79%
Vertical 7 Il préfère les couleurs claires, comparé aux Pays-Bas LUXEMBOURG
73%
Vertical 6 Tadej Pogačar, multiple vainqueur du Tour de France, est né là-bas SLOVENIE
67%
Horizontal 3 On paie en couronnes là-bas, et c'est le plus petit en superficie des 4 DANEMARK
58%
Horizontal 4 Anciennement une république, du moins l'était de nom TCHEQUIE
56%
Vertical 10 Sa forme correspond à sa première lettre CROATIE
47%
Aucun quiz correspondant
Distribution des résultats
% des personnes avec chaque résultat
Percentile par nombre de réponses
Votre historique - résultats
Vous n’avez pas pris ce quiz